Welcome to CU Library Online Public Access Catalogue (OPAC)

Advanced accounting / (Record no. 4564)

MARC details
000 -LEADER
fixed length control field 01000cam a22002654a 4500
001 - CONTROL NUMBER
control field 14163852
005 - DATE AND TIME OF LATEST TRANSACTION
control field 20250307183936.0
008 - FIXED-LENGTH DATA ELEMENTS--GENERAL INFORMATION
fixed length control field 051102s2007 maua b 001 0 eng
020 ## - INTERNATIONAL STANDARD BOOK NUMBER
International Standard Book Number 0072991887 (alk. paper)
020 ## - INTERNATIONAL STANDARD BOOK NUMBER
International Standard Book Number 9780072991888
050 00 - LIBRARY OF CONGRESS CALL NUMBER
Classification number HF5635
Item number .H863 2007
082 00 - DEWEY DECIMAL CLASSIFICATION NUMBER
Classification number 657/.046
Edition information 22
100 1# - MAIN ENTRY--PERSONAL NAME
Personal name Hoyle, Joe Ben.
245 10 - TITLE STATEMENT
Title Advanced accounting /
Statement of responsibility, etc. Joe B. Hoyle, Thomas F. Schaefer, TImothy S. Doupnik.
250 ## - EDITION STATEMENT
Edition statement 8th ed.
260 ## - PUBLICATION, DISTRIBUTION, ETC.
Place of publication, distribution, etc. Boston :
Name of publisher, distributor, etc. McGraw-Hill Irwin,
Date of publication, distribution, etc. c2007.
300 ## - PHYSICAL DESCRIPTION
Extent xix, 902 p. :
Other physical details ill. ;
Dimensions 29 cm.
650 #0 - SUBJECT ADDED ENTRY--TOPICAL TERM
Topical term or geographic name entry element Accounting.
700 1# - ADDED ENTRY--PERSONAL NAME
Personal name Schaefer, Thomas F.
700 1# - ADDED ENTRY--PERSONAL NAME
Personal name Doupnik, Timothy S.
856 42 - ELECTRONIC LOCATION AND ACCESS
Materials specified Publisher description
Uniform Resource Identifier <a href="http://www.loc.gov/catdir/enhancements/fy0642/2005056229-d.html">http://www.loc.gov/catdir/enhancements/fy0642/2005056229-d.html</a>
856 41 - ELECTRONIC LOCATION AND ACCESS
Materials specified Table of contents only
Uniform Resource Identifier <a href="http://www.loc.gov/catdir/enhancements/fy0642/2005056229-t.html">http://www.loc.gov/catdir/enhancements/fy0642/2005056229-t.html</a>
856 42 - ELECTRONIC LOCATION AND ACCESS
Materials specified Contributor biographical information
Uniform Resource Identifier <a href="http://www.loc.gov/catdir/enhancements/fy0737/2005056229-b.html">http://www.loc.gov/catdir/enhancements/fy0737/2005056229-b.html</a>
942 ## - ADDED ENTRY ELEMENTS (KOHA)
Source of classification or shelving scheme Library of Congress Classification
Koha item type Books
Edition 8th Ed.
Suppress in OPAC No
999 ## -
-- 4564
-- 4564
Holdings
Withdrawn status Lost status Source of classification or shelving scheme Damaged status Not for loan Collection Home library Current library Shelving location Date acquired Total checkouts Full call number Barcode Date last seen Copy number Price effective from Koha item type
    Library of Congress Classification     Non-fiction Business Library (Miotso) Business Library (Miotso) General stacks 03/07/2025   HF5635 .H863 2007 BSSM00001203 03/07/2025 1 03/07/2025 Books
© 2023-2024 Copyright: Central University Libraries. All Rights Reserved | Created by: Mahone Tech Office